[Event "VIII. Karnevals-Open"]
[Site "Solingen"]
[Date "2017.02.24"]
[Round "1.31"]
[White "Falkenberg, Hendrik"]
[Black "Sperling, Lennart"]
[Result "0-1"]
[WhiteElo "1843"]
[BlackElo "1912"]
[PlyCount "78"]
[EventDate "2017.??.??"]

1. d4 Nf6 2. c4 e6 3. g3 Bb4+ 4. Bd2 a5 5. Bg2 Nc6 6. Nf3 d6 7. Nc3 Bxc3 8.
Bxc3 Ne4 9. Rc1 Nxc3 10. Rxc3 O-O 11. O-O Qe7 12. Qd2 e5 13. d5 Nb4 14. b3 Na6
15. e4 Nc5 16. Ne1 f5 17. f3 fxe4 18. fxe4 Rxf1+ 19. Kxf1 Bg4 20. Nd3 Rf8+ 21.
Kg1 Nxd3 22. Rxd3 b6 23. a3 Qd7 24. Rc3 h6 25. Rc1 Bh3 26. Bxh3 Qxh3 27. Qe2 h5
28. Rc2 h4 29. Rc3 Rf6 30. Re3 Rg6 31. Qh5 Rf6 32. Qe2 hxg3 33. Rxg3 Qh6 34.
Qe3 Rf4 35. Kg2 Qh4 36. Rh3 Rxe4 37. Qf3 Qg4+ 38. Qxg4 Rxg4+ 39. Kf2 a4 0-1

[Event "VIII. Karnevals-Open"]
[Site "Solingen"]
[Date "2017.02.24"]
[Round "1.32"]
[White "Bigott, Martin"]
[Black "Kowalzick, Uwe"]
[Result "0-1"]
[WhiteElo "1865"]
[BlackElo "1707"]
[PlyCount "64"]
[EventDate "2017.??.??"]

1. d4 d5 2. c4 Nf6 3. cxd5 Qxd5 4. Nc3 Qd8 5. e4 e6 6. Bg5 Be7 7. Bc4 O-O 8.
Nge2 a6 9. a3 b5 10. Ba2 Bb7 11. f3 Nc6 12. b4 Nd7 13. Be3 Nb6 14. Qd3 Ne5 15.
Qc2 Nec4 16. Bc1 Bh4+ 17. g3 Bf6 18. e5 Bxe5 19. dxe5 Nxe5 20. Kf2 Bxf3 21. Rf1
Qf6 22. Kg1 Rad8 23. Be3 Ng4 24. Bc5 Qh6 25. Nf4 Bb7 26. Qe2 Rfe8 27. Qxg4 Rd2
28. h4 Qf6 29. Nxe6 Rg2+ 30. Kh1 Rxa2+ 31. Ne4 Rxa1 32. Rxa1 Qxa1+ 0-1

[Event "VIII. Karnevals-Open"]
[Site "Solingen"]
[Date "2017.02.24"]
[Round "1.33"]
[White "Eich, Philipp"]
[Black "Timar-Geng, Dr. Zoltan"]
[Result "0-1"]
[WhiteElo "1307"]
[BlackElo "1850"]
[PlyCount "68"]
[EventDate "2017.??.??"]

1. d4 d5 2. c4 c6 3. cxd5 cxd5 4. Bf4 Nf6 5. e3 Nc6 6. Nc3 g6 7. Qb3 a6 8. Bd3
Bg7 9. Nge2 O-O 10. h3 b5 11. O-O Bb7 12. Bg5 Na5 13. Qb4 Rc8 14. a4 Nc6 15.
Qb3 b4 16. Bxf6 exf6 17. Na2 Qd6 18. Nf4 Rfd8 19. Be2 a5 20. Bb5 Nxd4 21. Qd3
Nxb5 22. axb5 f5 23. Qd2 Rc5 24. Nc1 Rdc8 25. Rxa5 Rc2 26. Qd1 Rxc1 27. Qxc1
Rxc1 28. Rxc1 Bxb2 29. Rd1 Bc3 30. Nxd5 Bxd5 31. b6 Qxb6 32. Raxd5 Qa6 33. Rb1
Qa2 34. Rdd1 b3 0-1

[Event "VIII. Karnevals-Open"]
[Site "Solingen"]
[Date "2017.02.24"]
[Round "1.34"]
[White "Asadzade, Idris"]
[Black "Dziewas, Prof. Dr. Ralf"]
[Result "1-0"]
[WhiteElo "1835"]
[BlackElo "1180"]
[PlyCount "63"]
[EventDate "2017.??.??"]

1. Nf3 Nf6 2. c4 c5 3. g3 g6 4. Bg2 Bg7 5. O-O O-O 6. d4 d6 7. Nc3 Nbd7 8. h3
Rb8 9. Be3 b6 10. Rc1 Bb7 11. a3 Re8 12. b4 Qc7 13. Nb5 Qd8 14. Nxa7 Ra8 15.
Nb5 Ba6 16. dxc5 d5 17. c6 Bxb5 18. cxb5 Nf8 19. Qb3 Ne6 20. Rfd1 Nc7 21. Bxb6
e6 22. a4 Qc8 23. Bxc7 Qxc7 24. a5 Ne4 25. b6 Nc5 26. Rxc5 Qe7 27. c7 Qd6 28.
b7 Ra7 29. c8=Q Rxc8 30. Rxc8+ Bf8 31. b8=Q Qxb8 32. Rxb8 1-0

[Event "VIII. Karnevals-Open"]
[Site "Solingen"]
[Date "2017.02.24"]
[Round "1.36"]
[White "Holdsch, Peter-Michael"]
[Black "Coenen, Siegfried"]
[Result "1-0"]
[WhiteElo "1598"]
[BlackElo "1982"]
[PlyCount "79"]
[EventDate "2017.??.??"]

1. c4 e6 2. Nc3 d5 3. d4 Nf6 4. Bf4 c6 5. cxd5 exd5 6. e3 Be7 7. Nf3 Nbd7 8.
Bd3 O-O 9. h3 Re8 10. O-O Nf8 11. Ne5 Bd6 12. Bh2 Ng6 13. Nxg6 Bxh2+ 14. Kxh2
hxg6 15. Kh1 Nh7 16. Ne2 Qh4 17. Ng1 Re6 18. Nf3 Qe7 19. Rc1 g5 20. Qc2 Rh6 21.
Bf5 g4 22. Ng1 Ng5 23. Bxc8 Rxc8 24. Qf5 Rf8 25. Qxg4 f5 26. Qg3 Ne4 27. Qe5
Re6 28. Qh2 Qh4 29. Nf3 Qe7 30. Ne5 f4 31. exf4 Qb4 32. Nd7 Rf5 33. g4 Rf7 34.
f5 Rh6 35. Ne5 Re7 36. Ng6 Re8 37. f3 Ng5 38. h4 Qxd4 39. Rce1 Re3 40. Qb8+ 1-0

[Event "VIII. Karnevals-Open"]
[Site "Solingen"]
[Date "2017.02.25"]
[Round "2.1"]
[White "Speck, Stefan"]
[Black "Coenen, Michael"]
[Result "1/2-1/2"]
[WhiteElo "1989"]
[BlackElo "2379"]
[PlyCount "136"]
[EventDate "2017.??.??"]

1. e4 c6 2. d4 d5 3. e5 c5 4. c4 Nc6 5. dxc5 d4 6. Nd2 Nxe5 7. b4 Bf5 8. f4 Nc6
9. g4 Bc8 10. b5 Nb8 11. Qf3 e5 12. Ne4 Qh4+ 13. Qg3 Qxg4 14. Bh3 Qxg3+ 15.
hxg3 Bxh3 16. Nxh3 Nd7 17. Nhg5 Ngf6 18. c6 bxc6 19. bxc6 Nb6 20. c5 Nc4 21.
fxe5 Nxe4 22. Nxe4 Nxe5 23. c7 Nd3+ 24. Ke2 Nxc5 25. Nxc5 Bxc5 26. Bf4 Kd7 27.
Rab1 Bb6 28. Rb5 f6 29. Rd5+ Ke6 30. Rd6+ Kf5 31. Rh5+ Kg6 32. Rg5+ Kf7 33.
Rd7+ Ke6 34. Rgxg7 h5 35. Kf3 Bc5 36. Rh7 Rxh7 37. Rxh7 Rc8 38. Ke4 Bd6 39.
Kxd4 Bxf4 40. gxf4 Kd6 41. Rxh5 Rxc7 42. Rd5+ Ke6 43. f5+ Kf7 44. Rc5 Re7 45.
a4 Kg7 46. Rc6 Re5 47. Rc5 Re7 48. Rc6 Rb7 49. a5 Rb5 50. Rc5 Rb7 51. Rc6 Rb1
52. a6 Rb5 53. Rc5 Rb6 54. Rc7+ Kh6 55. Rxa7 Rb5 56. Rd7 Ra5 57. a7 Kg5 58. Kc4
Ra1 59. Kb5 Kxf5 60. Kb6 Rb1+ 61. Kc7 Ra1 62. Kb8 Ke4 63. Rd6 f5 64. Kb7 Rxa7+
65. Kxa7 f4 66. Kb6 f3 67. Rf6 Ke3 68. Rxf3+ Kxf3 1/2-1/2

[Event "VIII. Karnevals-Open"]
[Site "Solingen"]
[Date "2017.02.25"]
[Round "2.2"]
[White "Xu, Xianliang"]
[Black "Lübeck, Dr. Stephan"]
[Result "1-0"]
[WhiteElo "2323"]
[BlackElo "1988"]
[PlyCount "51"]
[EventDate "2017.??.??"]

1. d4 g6 2. e4 Bg7 3. Nc3 d6 4. Be3 c6 5. Qd2 b5 6. Bd3 Nd7 7. Nge2 Ngf6 8. f3
Nb6 9. b3 Qc7 10. O-O O-O 11. a4 b4 12. Nd1 c5 13. a5 Nbd7 14. c3 bxc3 15.
Ndxc3 cxd4 16. Nxd4 Nc5 17. Be2 a6 18. b4 Ne6 19. Na4 Nxd4 20. Bxd4 Nd7 21.
Rfc1 Bxd4+ 22. Qxd4 Qb8 23. Nb6 Nxb6 24. axb6 Bb7 25. Rc7 Re8 26. Bd1 1-0

[Event "VIII. Karnevals-Open"]
[Site "Solingen"]
[Date "2017.02.25"]
[Round "2.3"]
[White "Schülke, Tilman"]
[Black "Marcziter, Dr. Dmitrii"]
[Result "0-1"]
[WhiteElo "1949"]
[BlackElo "2277"]
[PlyCount "154"]
[EventDate "2017.??.??"]

1. g3 d5 2. Bg2 Nf6 3. d3 g6 4. b4 Bg7 5. Bb2 c6 6. Nf3 Qb6 7. c3 O-O 8. O-O
Nbd7 9. Nbd2 e5 10. e4 a5 11. a3 Re8 12. Qb3 Nf8 13. c4 dxe4 14. dxe4 Nh5 15.
c5 Qc7 16. Nc4 Be6 17. Qc2 Bxc4 18. Qxc4 Red8 19. Rad1 axb4 20. axb4 h6 21. Bh3
Bf6 22. Qb3 Ng7 23. Rxd8 Rxd8 24. Rd1 Nge6 25. Rxd8 Nxd8 26. Qd1 Nde6 27. Qa1
Ng5 28. Nxg5 hxg5 29. Qa8 b6 30. cxb6 Qxb6 31. Qa5 Qb8 32. Qc5 Qe8 33. Qd6 Bg7
34. Bc3 f6 35. Bf1 Qe6 36. Qxe6+ Nxe6 37. b5 cxb5 38. Bxb5 g4 39. Bc4 Kf7 40.
h3 gxh3 41. Kh2 Ke7 42. Bxe6 Kxe6 43. Kxh3 Bh6 44. Kg4 f5+ 45. Kf3 Bc1 46. g4
f4 47. g5 Ba3 48. Kg4 Bd6 49. Ba5 Kd7 50. f3 Kc6 51. Bd2 Kb5 52. Bc3 Ka4 53.
Be1 Bb4 54. Bf2 Kb5 55. Kh4 Ba5 56. Kg4 Bb6 57. Be1 Kc4 58. Bd2 Bc7 59. Be1 Bb6
60. Bd2 Kd3 61. Bb4 Bc7 62. Bc5 Kc4 63. Bf2 Bd6 64. Be1 Bc5 65. Bd2 Bb4 66.
Bxf4 exf4 67. Kxf4 Kd4 68. Kg4 Ke5 69. Kg3 Bd2 70. Kg4 Be3 71. Kh4 Kf4 72. e5
Kxe5 73. Kg4 Bf4 74. Kh3 Kf5 75. Kh4 Bxg5+ 76. Kg3 Bd8 77. Kf2 Kf4 0-1

[Event "VIII. Karnevals-Open"]
[Site "Solingen"]
[Date "2017.02.25"]
[Round "2.4"]
[White "Küppers, Timo"]
[Black "Schmuck, Markus"]
[Result "1-0"]
[WhiteElo "2202"]
[BlackElo "1945"]
[PlyCount "33"]
[EventDate "2017.??.??"]

1. d4 d6 2. e4 e5 3. Nf3 Bg4 4. dxe5 Bxf3 5. Qxf3 dxe5 6. Bc4 Qd7 7. O-O Nc6 8.
Nc3 a6 9. Rd1 Bd6 10. Be3 Nf6 11. h3 h6 12. Qg3 g5 13. Qf3 Qe7 14. Qf5 Na5 15.
Nd5 Nxd5 16. Bxd5 O-O 17. Qg6+ 1-0

[Event "VIII. Karnevals-Open"]
[Site "Solingen"]
[Date "2017.02.25"]
[Round "2.5"]
[White "Vranidis, Athanassios"]
[Black "Arndt, Stefan"]
[Result "0-1"]
[WhiteElo "1936"]
[BlackElo "2197"]
[PlyCount "70"]
[EventDate "2017.??.??"]

1. d4 Nf6 2. c4 c5 3. d5 e6 4. Nc3 exd5 5. cxd5 d6 6. e4 g6 7. h3 Bg7 8. Nf3
O-O 9. Bd3 a6 10. a4 Re8 11. O-O Nbd7 12. Re1 Qc7 13. Bf4 Rb8 14. Qd2 Nh5 15.
Bh2 Ne5 16. Be2 Nxf3+ 17. Bxf3 b5 18. axb5 axb5 19. Bxh5 gxh5 20. Qg5 b4 21.
Nd1 c4 22. Re3 Kh8 23. Qxh5 c3 24. bxc3 bxc3 25. Nxc3 Bxc3 26. Rd1 Bg7 27. e5
dxe5 28. d6 Qd7 29. Bxe5 Bxe5 30. Rxe5 Re6 31. Rf5 Rxd6 32. Rxf7 Rxd1+ 33. Kh2
Qd6+ 34. g3 h6 35. Qh4 Bb7 0-1

[Event "VIII. Karnevals-Open"]
[Site "Solingen"]
[Date "2017.02.25"]
[Round "2.6"]
[White "Moser, Axel"]
[Black "Borchert, Stephan"]
[Result "1-0"]
[WhiteElo "2178"]
[BlackElo "1934"]
[PlyCount "59"]
[EventDate "2017.??.??"]

1. d4 Nf6 2. Nf3 g6 3. c4 Bg7 4. Nc3 d6 5. g3 O-O 6. Bg2 Nc6 7. O-O a6 8. e3
Rb8 9. Qe2 Bg4 10. h3 Bd7 11. d5 Na7 12. a4 c5 13. e4 e5 14. Ne1 Nh5 15. Nd3 b6
16. g4 Nf6 17. f4 Ne8 18. fxe5 dxe5 19. a5 Nd6 20. axb6 Qxb6 21. Be3 Nxc4 22.
Bxc5 Qc7 23. Bxf8 Bxf8 24. Qf3 Bc8 25. d6 Qb6+ 26. Kh1 Nxd6 27. Nxe5 Be6 28.
Nd5 Qd4 29. Nf6+ Kh8 30. Nfd7 1-0

[Event "VIII. Karnevals-Open"]
[Site "Solingen"]
[Date "2017.02.25"]
[Round "2.7"]
[White "Hoefer, Severin-Paul"]
[Black "Terhuven, Patrick"]
[Result "0-1"]
[WhiteElo "1933"]
[BlackElo "2157"]
[PlyCount "132"]
[EventDate "2017.??.??"]

1. e4 c5 2. Nf3 g6 3. d4 cxd4 4. Nxd4 Nc6 5. c4 Nf6 6. Nc3 d6 7. Be2 Nxd4 8.
Qxd4 Bg7 9. Be3 O-O 10. Qd2 a5 11. O-O a4 12. Rac1 Qa5 13. Rfd1 Be6 14. f3 Rfc8
15. Nd5 Qxd2 16. Bxd2 Bxd5 17. cxd5 Nd7 18. Bb5 Bd4+ 19. Kf1 Nc5 20. Rc2 e5 21.
Bb4 b6 22. Ke2 Rf8 23. Rdd2 f5 24. Bxc5 bxc5 25. exf5 gxf5 26. Rc4 Rfb8 27.
Rxa4 Rxa4 28. Bxa4 Bxb2 29. Bd7 c4 30. Bxf5 c3 31. Rd1 Ra8 32. Bb1 Ra5 33. Rd3
Kf7 34. Kd1 h6 35. Kc2 Rb5 36. Kd1 Kf6 37. Bc2 Rb4 38. Ke2 Rc4 39. Re3 Bc1 40.
Rd3 Bd2 41. Bb3 Rh4 42. h3 Rb4 43. Rxd2 cxd2 44. Kxd2 Rd4+ 45. Ke3 h5 46. g4
Kg5 47. a4 Rb4 48. Bd1 Rb1 49. Be2 h4 50. a5 Ra1 51. a6 Kf6 52. Bb5 Ra5 53. Bc4
Ke7 54. Ke4 Ra4 55. Kd3 Ra1 56. Bb5 Kd8 57. Ke4 Kc7 58. Kf5 Rh1 59. g5 Rxh3 60.
g6 Rxf3+ 61. Ke6 h3 62. Bc6 Kb6 63. Kxd6 h2 64. a7 Kxa7 65. Kc7 h1=Q 66. d6 Rc3
0-1

[Event "VIII. Karnevals-Open"]
[Site "Solingen"]
[Date "2017.02.25"]
[Round "2.8"]
[White "Schimnatkowski, Lukas"]
[Black "Daverkausen, Bernd"]
[Result "0-1"]
[WhiteElo "1928"]
[BlackElo "2124"]
[PlyCount "70"]
[EventDate "2017.??.??"]

1. e4 c5 2. d3 Nc6 3. g3 g6 4. Bg2 Bg7 5. Nf3 d6 6. O-O e5 7. c3 Nge7 8. a3 O-O
9. b4 h6 10. Nbd2 Be6 11. Re1 b5 12. Bb2 cxb4 13. axb4 a5 14. d4 exd4 15. Nxd4
Nxd4 16. cxd4 axb4 17. Rxa8 Qxa8 18. e5 Bd5 19. exd6 Nf5 20. Ne4 Nxd6 21. Nxd6
Bxg2 22. Re3 Qd5 23. Ne8 Bh3 24. f3 Bh8 25. Qd3 Bf5 26. Qe2 Qc4 27. Nd6 Qxe2
28. Rxe2 Bd3 29. Re7 Bc4 30. Rd7 Ra8 31. Ne4 Ra2 32. Rd8+ Kh7 33. Bc1 Ra1 34.
d5 Rxc1+ 35. Kg2 Bf1+ 0-1

[Event "VIII. Karnevals-Open"]
[Site "Solingen"]
[Date "2017.02.25"]
[Round "2.9"]
[White "Bub, Volker"]
[Black "Ebert, Jürgen"]
[Result "1-0"]
[WhiteElo "2095"]
[BlackElo "1914"]
[PlyCount "77"]
[EventDate "2017.??.??"]

1. e4 d5 2. exd5 Nf6 3. d4 Bg4 4. Bb5+ Nbd7 5. f3 Bf5 6. Nc3 a6 7. Ba4 b5 8.
Bb3 Nb6 9. Nge2 Nfxd5 10. Nxd5 Nxd5 11. Ng3 Bg6 12. f4 e6 13. f5 Bxf5 14. Nxf5
exf5 15. O-O Ne7 16. Re1 c6 17. a4 b4 18. a5 Qd7 19. Qd3 O-O-O 20. Qxa6+ Qb7
21. Qxb7+ Kxb7 22. Bxf7 Nd5 23. Bg5 Ra8 24. Re5 g6 25. Rxd5 cxd5 26. Bxd5+ Ka7
27. Bxa8 Kxa8 28. Bf6 Rg8 29. c4 bxc3 30. bxc3 Bd6 31. c4 Ka7 32. c5 Bf4 33.
Kf2 Rf8 34. g3 Bc7 35. Bg5 Re8 36. d5 Ka6 37. d6 Bd8 38. d7 Rh8 39. Bxd8 1-0

[Event "VIII. Karnevals-Open"]
[Site "Solingen"]
[Date "2017.02.25"]
[Round "2.10"]
[White "Sperling, Lennart"]
[Black "Scholzen, Wolfgang"]
[Result "0-1"]
[WhiteElo "1912"]
[BlackElo "2076"]
[PlyCount "82"]
[EventDate "2017.??.??"]

1. Nf3 Nf6 2. c4 g6 3. Nc3 Bg7 4. g3 O-O 5. Bg2 d6 6. O-O e5 7. Rb1 a5 8. a3 c6
9. e4 Nbd7 10. d4 exd4 11. Nxd4 Nc5 12. b4 axb4 13. axb4 Ne6 14. Nde2 Qe7 15.
Qc2 Ng4 16. f4 Nd4 17. Qd3 Nxe2+ 18. Nxe2 f5 19. Rd1 fxe4 20. Qxd6 Qxd6 21.
Rxd6 Re8 22. h3 Ra2 23. Rd2 Rxd2 24. Bxd2 e3 25. Bc1 Nf2 26. Bxe3 Nd3 27. Bb6
Rxe2 28. Bf1 Re1 29. Rxe1 Nxe1 30. b5 Nc2 31. Bg2 Bd4+ 32. Bxd4 Nxd4 33. bxc6
Nxc6 34. Kf2 Kf7 35. Ke3 Ke6 36. g4 Kd6 37. Be4 Be6 38. f5 gxf5 39. gxf5 Bxc4
40. f6 h6 41. Bg6 Ne5 0-1

[Event "VIII. Karnevals-Open"]
[Site "Solingen"]
[Date "2017.02.25"]
[Round "2.11"]
[White "Görke, Joachim"]
[Black "Asadzade, Idris"]
[Result "1-0"]
[WhiteElo "2075"]
[BlackElo "1835"]
[PlyCount "69"]
[EventDate "2017.??.??"]

1. e4 e6 2. d3 d5 3. Nd2 Nf6 4. g3 c5 5. Bg2 Nc6 6. f4 Qc7 7. Qe2 Nd4 8. Qd1
Be7 9. c3 Nc6 10. e5 Nd7 11. Qg4 g6 12. Qe2 b6 13. Ngf3 Bb7 14. O-O O-O-O 15.
d4 Kb8 16. Nb3 Qc8 17. Rf2 Ba6 18. Qd1 cxd4 19. Nbxd4 Nxd4 20. Nxd4 Nc5 21. Be3
Qd7 22. a4 Rc8 23. Rd2 Nb7 24. Rc2 Na5 25. b4 Nc4 26. Bf2 Rc7 27. Qf3 Rhc8 28.
Rca2 h6 29. Bf1 h5 30. Rb1 Bf8 31. Nb3 Be7 32. Bd4 Bd8 33. Qf2 Ka8 34. b5 Bb7
35. a5 1-0

[Event "VIII. Karnevals-Open"]
[Site "Solingen"]
[Date "2017.02.25"]
[Round "2.12"]
[White "Timar-Geng, Dr. Zoltan"]
[Black "Flesch, Dr. Stefan"]
[Result "0-1"]
[WhiteElo "1850"]
[BlackElo "2073"]
[PlyCount "110"]
[EventDate "2017.??.??"]

1. d4 g6 2. Nf3 Bg7 3. c4 d6 4. g3 Nd7 5. Bg2 e6 6. O-O Ne7 7. Nc3 O-O 8. e4 a6
9. Bg5 h6 10. Be3 c6 11. Qd2 Kh7 12. h4 Nf6 13. Nh2 e5 14. Rad1 Ng4 15. Nxg4
Bxg4 16. f3 Be6 17. b3 b5 18. d5 cxd5 19. exd5 Bd7 20. c5 Nf5 21. c6 Nxe3 22.
Qxe3 Bc8 23. Rf2 f5 24. f4 exf4 25. Rxf4 Re8 26. Qd3 Qb6+ 27. Rd4 Bxd4+ 28.
Qxd4 Qxd4+ 29. Rxd4 Re3 30. Nd1 Rxg3 31. Rd2 Kg7 32. Kf2 Rg4 33. h5 g5 34. Re2
Kf7 35. Bf3 Rf4 36. Kg3 Ra7 37. Nc3 Rd4 38. Kf2 Re7 39. a4 Rxe2+ 40. Nxe2 Rb4
41. axb5 axb5 42. Nc1 Ke7 43. Ke3 Rh4 44. Be2 Rh1 45. Kd2 g4 46. Nd3 g3 47. Nf4
Kf6 48. Bxb5 Rh4 49. Ng2 Rh2 50. Bf1 f4 51. Ke1 f3 52. Ne3 g2 53. Kf2 gxf1=Q+
54. Kxf1 Bh3+ 55. Kg1 Re2 0-1

[Event "VIII. Karnevals-Open"]
[Site "Solingen"]
[Date "2017.02.25"]
[Round "2.13"]
[White "Müdder, Melanie"]
[Black "Kutzner, Joachim"]
[Result "0-1"]
[WhiteElo "1745"]
[BlackElo "2043"]
[PlyCount "90"]
[EventDate "2017.??.??"]

1. e4 c5 2. Nf3 e6 3. d4 a6 4. Nc3 b5 5. Be3 Qc7 6. d5 Nf6 7. Bg5 Bb7 8. Bxf6
gxf6 9. Qd2 h5 10. Rd1 Bh6 11. Qe2 b4 12. Na4 d6 13. Qc4 exd5 14. exd5 Nd7 15.
Be2 O-O-O 16. O-O Rde8 17. a3 Rhg8 18. Rfe1 Rg4 19. Qb3 a5 20. axb4 axb4 21. c3
Reg8 22. g3 h4 23. cxb4 Rxb4 24. Qa2 hxg3 25. hxg3 Ne5 26. Nxe5 fxe5 27. Nc3
Qd7 28. Qa5 Qh3 29. Rd3 e4 30. Nb5 Rxb5 31. Qxb5 exd3 32. Bxd3 Rxg3+ 33. fxg3
Qxg3+ 34. Kf1 Qf3+ 35. Kg1 Be3+ 36. Kh2 Qf2+ 37. Kh3 Qxe1 38. Bf5+ Kb8 39. Qe8+
Ka7 40. Qa4+ Kb6 41. Qb3+ Kc7 42. Qd3 Qh1+ 43. Kg4 Qg2+ 44. Kh4 Bf4 45. b4 Bxd5
0-1

[Event "VIII. Karnevals-Open"]
[Site "Solingen"]
[Date "2017.02.25"]
[Round "2.14"]
[White "Müdder, Rafael"]
[Black "Holdsch, Peter-Michael"]
[Result "1-0"]
[WhiteElo "2029"]
[BlackElo "1598"]
[PlyCount "53"]
[EventDate "2017.??.??"]

1. e4 e5 2. Bc4 Nf6 3. d4 Nxe4 4. dxe5 Be7 5. Qd5 O-O 6. Qxe4 d6 7. Nf3 Nc6 8.
O-O dxe5 9. Nxe5 Nxe5 10. Qxe5 Bd6 11. Qh5 Qf6 12. Nc3 Bf5 13. Nd5 Qg6 14. Qxg6
Bxg6 15. Bd3 Bxd3 16. cxd3 Rad8 17. Nc3 Be5 18. Rd1 c6 19. Be3 a6 20. d4 Bf6
21. Ne4 Be7 22. Rac1 Rd5 23. Nc3 Rd7 24. d5 c5 25. d6 Rxd6 26. Rxd6 Bxd6 27.
Ne4 1-0

[Event "VIII. Karnevals-Open"]
[Site "Solingen"]
[Date "2017.02.25"]
[Round "2.15"]
[White "Kowalzick, Uwe"]
[Black "Pauls, Wilhelm"]
[Result "0-1"]
[WhiteElo "1707"]
[BlackElo "2009"]
[PlyCount "70"]
[EventDate "2017.??.??"]

1. d4 Nf6 2. Nf3 g6 3. Nc3 d5 4. Bf4 Bg7 5. Nb5 Na6 6. a3 c6 7. Nc3 Qb6 8. b4
O-O 9. e3 Bf5 10. Bd3 Bxd3 11. Qxd3 Nb8 12. O-O Nbd7 13. Rae1 a5 14. b5 Rac8
15. a4 cxb5 16. Nxb5 Rc4 17. Ra1 Rfc8 18. Rfc1 Ne4 19. Nd2 Nxd2 20. Qxd2 Nf6
21. f3 Nh5 22. Bg5 f6 23. Bh4 Bh6 24. g4 Ng7 25. f4 Qe6 26. h3 Qe4 27. Ra2 Ne6
28. Bg3 f5 29. Kf2 g5 30. gxf5 gxf4 31. Bxf4 Nxf4 32. Rg1+ Ng6 33. Rg4 Qxf5+
34. Ke1 Rxc2 35. Rxc2 Rxc2 0-1

[Event "VIII. Karnevals-Open"]
[Site "Solingen"]
[Date "2017.02.25"]
[Round "2.16"]
[White "Mukovskiy, Peter"]
[Black "Tayyar, Alptug"]
[Result "0-1"]
[WhiteElo "1163"]
[BlackElo "2002"]
[PlyCount "52"]
[EventDate "2017.??.??"]

1. d4 d5 2. c4 c6 3. Nc3 Nf6 4. Nf3 dxc4 5. e4 b5 6. Be2 Bg4 7. O-O b4 8. e5
bxc3 9. exf6 cxb2 10. fxg7 Bxg7 11. Bxb2 O-O 12. Qd2 Nd7 13. Qg5 Be6 14. Qg3 f6
15. Nd2 Rb8 16. Nxc4 Kh8 17. Bc3 Rg8 18. Bd3 Nf8 19. Rfe1 Bd5 20. Qe3 Bxg2 21.
f3 Qd5 22. Nd2 Qh5 23. Qf4 Bh6 24. Qxb8 Bxf3+ 25. Kf1 Qh3+ 26. Kf2 Qg2# 0-1

[Event "VIII. Karnevals-Open"]
[Site "Solingen"]
[Date "2017.02.25"]
[Round "2.17"]
[White "Fichtner, Ewald"]
[Black "Gawlick, Matthias"]
[Result "1-0"]
[WhiteElo "2049"]
[BlackElo "1645"]
[PlyCount "45"]
[EventDate "2017.??.??"]

1. d4 Nf6 2. c4 g6 3. g3 c5 4. d5 Bg7 5. Bg2 O-O 6. Nc3 e6 7. Nf3 exd5 8. cxd5
d6 9. O-O a6 10. a4 Nbd7 11. Nd2 Rb8 12. Nc4 Qc7 13. a5 b6 14. axb6 Nxb6 15.
Nxd6 Bb7 16. Bf4 Qd7 17. Nxb7 Rxb7 18. Rxa6 Ra8 19. Rxa8+ Nxa8 20. Qc2 Nb6 21.
e4 Ne8 22. e5 Ra7 23. Qb3 1-0

[Event "VIII. Karnevals-Open"]
[Site "Solingen"]
[Date "2017.02.25"]
[Round "2.18"]
[White "Harringer, Dr. Manfred"]
[Black "Ipekyilmaz, Tayfun"]
[Result "1-0"]
[WhiteElo "2004"]
[BlackElo "1697"]
[PlyCount "53"]
[EventDate "2017.??.??"]

1. e4 e5 2. Nf3 Nc6 3. Bb5 f5 4. Nc3 fxe4 5. Nxe4 Nf6 6. d3 d6 7. Ng3 Be6 8. c3
a6 9. Ba4 b5 10. Bb3 Qd7 11. O-O d5 12. d4 e4 13. Ne5 Nxe5 14. dxe5 Ng4 15. a4
Bc5 16. axb5 Nxf2 17. Rxf2 Rf8 18. Nh1 Rxf2 19. Nxf2 e3 20. Bxe3 Bxe3 21. bxa6
Qf7 22. Qf3 Bb6 23. Kf1 Qd7 24. Ba4 c6 25. Bc2 Ke7 26. Qf4 Rf8 27. Qb4+ 1-0

[Event "VIII. Karnevals-Open"]
[Site "Solingen"]
[Date "2017.02.25"]
[Round "2.19"]
[White "Boschek, Dr. Hans-Joachim"]
[Black "Tremöhlen, Thomas"]
[Result "1/2-1/2"]
[WhiteElo "1946"]
[BlackElo "1937"]
[PlyCount "52"]
[EventDate "2017.??.??"]

1. Nf3 Nf6 2. g3 g6 3. Bg2 Bg7 4. O-O O-O 5. d4 d6 6. c4 c6 7. Nc3 Qa5 8. Qc2
Qh5 9. e4 Bg4 10. Ne1 Bh3 11. f3 Nbd7 12. Be3 e5 13. Ne2 Bh6 14. Qd2 Bxe3+ 15.
Qxe3 Bxg2 16. Nxg2 exd4 17. Nxd4 Qc5 18. b3 Rfe8 19. Nc2 d5 20. Qxc5 Nxc5 21.
cxd5 cxd5 22. b4 Ncd7 23. exd5 Nxd5 24. Rfe1 N7f6 25. Rxe8+ Rxe8 26. Re1 Kf8
1/2-1/2

[Event "VIII. Karnevals-Open"]
[Site "Solingen"]
[Date "2017.02.25"]
[Round "2.20"]
[White "Gassmann, Dr. Volker"]
[Black "Hörhold, Karola"]
[Result "1-0"]
[WhiteElo "2155"]
[BlackElo "1567"]
[PlyCount "77"]
[EventDate "2017.??.??"]

1. c4 f5 2. b3 Nf6 3. Bb2 d6 4. h4 g6 5. h5 g5 6. Nf3 h6 7. Bxf6 exf6 8. Nc3 c6
9. Qc2 Na6 10. e3 Qe7 11. a3 Nc5 12. Nd4 Qe5 13. Rd1 Bd7 14. Nf3 Qe7 15. b4 Ne4
16. Bd3 O-O-O 17. Nxe4 fxe4 18. Bxe4 Bg7 19. Bf5 Kb8 20. g4 d5 21. cxd5 Bxf5
22. gxf5 Rxd5 23. Kf1 Rhd8 24. d4 Re8 25. Rc1 Qe4 26. Qxe4 Rxe4 27. Rc5 Kc7 28.
Nd2 Re7 29. Rxd5 cxd5 30. Ke2 Kb6 31. Rc1 Bf8 32. Rc8 Bg7 33. Kd3 Rc7 34. Rd8
Kc6 35. Nb1 Rd7 36. Rg8 a6 37. Nc3 b5 38. Rc8+ Kb7 39. Rc5 1-0

[Event "VIII. Karnevals-Open"]
[Site "Solingen"]
[Date "2017.02.25"]
[Round "2.21"]
[White "Cornelißen, Jonas"]
[Black "Bigott, Martin"]
[Result "0-1"]
[WhiteElo "1656"]
[BlackElo "1865"]
[PlyCount "64"]
[EventDate "2017.??.??"]

1. d4 Nf6 2. Nf3 g6 3. c4 Bg7 4. Nc3 d5 5. Bf4 c6 6. e3 Nbd7 7. Bd3 b6 8. cxd5
Nxd5 9. Rc1 Nxf4 10. exf4 Bb7 11. Be4 Nf6 12. Bc2 O-O 13. f5 Ba6 14. Ne2 Qd5
15. fxg6 hxg6 16. Bb3 Qe4 17. Bc2 Qd5 18. Bb3 Qe4 19. Bc2 Qe6 20. Bb3 Nd5 21.
Rc2 Qg4 22. O-O Bxe2 23. Rxe2 Nf4 24. g3 Nxe2+ 25. Qxe2 e6 26. Kg2 Rad8 27. h3
Qh5 28. Qa6 Rd7 29. Rc1 Qb5 30. Qa4 Qxa4 31. Bxa4 b5 32. Bb3 Rc8 0-1

[Event "VIII. Karnevals-Open"]
[Site "Solingen"]
[Date "2017.02.25"]
[Round "2.22"]
[White "Bießner, Eberhard"]
[Black "Gallas, Noel"]
[Result "1/2-1/2"]
[WhiteElo "1833"]
[BlackElo "1666"]
[PlyCount "68"]
[EventDate "2017.??.??"]

1. e4 e5 2. Nf3 Nf6 3. Nxe5 d6 4. Nf3 Nxe4 5. d4 d5 6. Bd3 Bd6 7. Nbd2 Nxd2 8.
Bxd2 O-O 9. O-O h6 10. h3 Qf6 11. c3 Bf5 12. Bxf5 Qxf5 13. Nh4 Qf6 14. Qg4 Kh8
15. Nf5 Re8 16. Rfe1 Na6 17. Kf1 c6 18. b4 Nc7 19. Nxd6 Qxd6 20. Bf4 Rxe1+ 21.
Rxe1 Qd8 22. Qg3 Ne6 23. Bd2 Rc8 24. f4 Qf6 25. Re5 Kg8 26. Kg1 Kf8 27. Qe3 Ra8
28. g4 Rb8 29. Qg3 Ra8 30. f5 Ng5 31. Bf4 Ne4 32. Qe3 a5 33. b5 a4 34. c4 Nd6
1/2-1/2

[Event "VIII. Karnevals-Open"]
[Site "Solingen"]
[Date "2017.02.25"]
[Round "2.23"]
[White "Grunwald, Günther"]
[Black "Fränzel, Dr. Marius"]
[Result "1/2-1/2"]
[WhiteElo "1645"]
[BlackElo "1809"]
[PlyCount "50"]
[EventDate "2017.??.??"]

1. e4 e5 2. Nf3 Nc6 3. Bc4 Nf6 4. d3 Be7 5. O-O d6 6. h3 h6 7. Nc3 O-O 8. d4
exd4 9. Nxd4 Ne5 10. Be2 d5 11. exd5 Nxd5 12. Nxd5 Qxd5 13. Nf3 Qe6 14. Bf4 Bd6
15. Bxe5 Bxe5 16. Nxe5 Qxe5 17. c3 Be6 18. Bf3 c6 19. Re1 Qf6 20. Qe2 Rfe8 21.
Qe5 Qxe5 22. Rxe5 Re7 23. Rae1 Rae8 24. Bg4 Kf8 25. Bxe6 Rxe6 1/2-1/2